| 000 | 00674nam a22001937a 4500 | ||
|---|---|---|---|
| 999 |
_c185529 _d185529 |
||
| 005 | 20220203144013.0 | ||
| 010 | _aENG-131383 | ||
| 020 |
_a9789354493355 _c750.00 |
||
| 035 | _aEN-114915 | ||
| 037 | _bDBAD | ||
| 082 | _a001.076 | ||
| 100 | _aBhardwaj, A.P. | ||
| 245 |
_aLegal Awareness and Legal Reasoning for CLAT, SLAT, AILET 2022/ _cA.P. Bhardwaj |
||
| 250 | _a8e Edition | ||
| 260 |
_aUttar Pradesh _bPearson India Education Services _c2022 |
||
| 270 |
_a15th Flooor, Tower-B, World Trade Tower, Plot No. 1, Block-C, Sector-16 _bNoida _e201301 _mcompanysecretary.india@pearson.com |
||
| 300 |
_avp. _c28cm(pbk) |
||
| 942 |
_2ddc _cEN _h001.076 _mBHA |
||